The law on negotiable instruments (Record no. 14846)

MARC details
000 -LEADER
fixed length control field 00717nam a22002177a 4500
003 - CONTROL NUMBER IDENTIFIER
control field URS
005 - DATE AND TIME OF LATEST TRANSACTION
control field 20221114150741.0
008 - FIXED-LENGTH DATA ELEMENTS--GENERAL INFORMATION
fixed length control field 171222b xxu||||| |||| 00| 0 eng d
040 ## - CATALOGING SOURCE
Transcribing agency URS
050 ## - LIBRARY OF CONGRESS CALL NUMBER
Classification number KF 5625.51 N3 T67 2000
100 ## - MAIN ENTRY--PERSONAL NAME
9 (RLIN) 2962
Personal name Torres, Justo P., Jr.
Relator term author
245 ## - TITLE STATEMENT
Title The law on negotiable instruments
Remainder of title with warehouse receipts act, documents of title and business forms
Statement of responsibility, etc. Justo P. Torres, Jr.
250 ## - EDITION STATEMENT
Edition statement 2000 edition
260 ## - PUBLICATION, DISTRIBUTION, ETC.
Place of publication, distribution, etc. Manila
Name of publisher, distributor, etc. Rex Book Store
Date of publication, distribution, etc. 2000
336 ## - CONTENT TYPE
Source rdacontent
Content type term text
Content type code txt
337 ## - MEDIA TYPE
Source rdamedia
Media type term unmediated
Media type code n
338 ## - CARRIER TYPE
Source rdacarrier
Carrier type term volume
Carrier type code nc
650 #0 - SUBJECT ADDED ENTRY--TOPICAL TERM
9 (RLIN) 2963
Topical term or geographic name entry element Negotiable instruments
Geographic subdivision Philippines
700 ## - ADDED ENTRY--PERSONAL NAME
Relator code author
Personal name Torres, Justo P.
942 ## - ADDED ENTRY ELEMENTS (KOHA)
Source of classification or shelving scheme Library of Congress Classification
Koha item type Filipiniana
Holdings
Withdrawn status Source of classification or shelving scheme Damaged status Not for loan Home library Current library Shelving location Date acquired Total Checkouts Full call number Barcode Date last seen Price effective from Koha item type
  Library of Congress Classification     Binangonan College Library Binangonan College Library Filipiniana Section 11/14/2022   KF 5625.51 N3 T67 2000 URSBIN-1561 11/14/2022 11/14/2022 Filipiniana
  Library of Congress Classification     Binangonan College Library Binangonan College Library Filipiniana Section 11/14/2022   KF 5625.51 N3 T67 2000 URSBIN-2872 11/14/2022 11/14/2022 Filipiniana

University of Rizal System
Email us at univlibservices@urs.edu.ph

Visit our Website www.urs.edu.ph/library